[Event "New York USA"]
[Site "?"]
[Date "1999.09.26"]
[Round "5"]
[White "Rajlich Vasik G"]
[Black "Lapshun Yury"]
[Result "1-0"]
[WhiteElo "2297"]
[BlackElo "2507"]
[PlyCount "41"]
[EventDate "1999.??.??"]
[Source "www.chesslib.no"]
[SourceDate "2004.05.04"]

1. e4 e5 2. Nf3 f5 3. Nxe5 Qf6 4. d4 d6 5. Nc4 fxe4 6. Nc3 Qg6 7. f3 Be7 8. fxe4 Nf6 9. Qd3 O-O 10. Ne3 Nc6 11. Bd2 Bg4 12. h3 Bf3 13. gxf3 Qg3+ 14. Ke2 Nxe4 15. Qxe4 Rxf3 16. Be1 Rxe3+ 17. Qxe3 Qg6 18. Kd1 Bf6 19. Qe4 Qh5+ 20. Be2 Qh6 21. Bd2 1-0

[Event "Buenos Aires Ejercito op"]
[Site "?"]
[Date "1998.??.??"]
[Round "6"]
[White "Rodriguez Andres"]
[Black "Perez Pietronave Carlos"]
[Result "0-1"]
[WhiteElo "2490"]
[BlackElo "2295"]
[PlyCount "50"]
[EventDate "1998.??.??"]
[Source "www.chesslib.no"]
[SourceDate "2004.05.04"]

1. e4 e5 2. Nf3 f5 3. Nxe5 Qf6 4. d4 d6 5. Nc4 fxe4 6. Nc3 Qg6 7. Qe2 Nf6 8. f3 Nc6 9. Nb5 Be7 10. Be3 Nd5 11. Bf2 a6 12. Nc3 Nxc3 13. bxc3 O-O 14. fxe4 Bg4 15. Qd3 Rae8 16. Ne3 Bd8 17. Qd2 Qxe4 18. Bc4+ d5 19. Bd3 Qxg2 20. Rg1 Qxg1+ 21. Bxg1 Bh4+ 22. Bf2 Rxf2 23. Qxf2 Rxe3+ 24. Kf1 Bxf2 25. Kxf2 Rf3+ 0-1

[Event "Terrassa op"]
[Site "Terrassa"]
[Date "1996.??.??"]
[Round "1"]
[White "Zvjaginsev, Vadim"]
[Black "Asensio Lisan, Teodoro"]
[Result "1-0"]
[WhiteElo "2590"]
[BlackElo "2195"]
[PlyCount "36"]
[EventDate "1996.07.??"]
[Source "www.chesslib.no"]
[SourceDate "2004.05.04"]

1. e4 e5 2. Nf3 f5 3. Nxe5 Nc6 4. d4 Nxe5 5. dxe5 d6 6. exf5 Bxf5 7. Qf3 Bc8 8. Bc4 Qe7 9. O-O dxe5 10. Bg5 Nf6 11. Nc3 c6 12. Ne4 Bg4 13. Nxf6+ gxf6 14. Qxf6 Bh5 15. Rfe1 e4 16. Qxe7+ Bxe7 17. Rxe4 O-O-O 18. Rxe7 Rd4 1-0

[Event "Matalascanas"]
[Site "Matalascanas"]
[Date "1989.??.??"]
[Round "?"]
[White "Emms, John M"]
[Black "Hector, Jonny"]
[Result "1/2-1/2"]
[WhiteElo "2300"]
[BlackElo "2485"]
[PlyCount "62"]
[EventDate "1989.??.??"]
[Source "www.chesslib.no"]
[SourceDate "2004.05.04"]

1. e4 e5 2. Nf3 f5 3. d4 fxe4 4. Nxe5 Nf6 5. Be2 d6 6. Ng4 Be7 7. Nc3 d5 8. O-O O-O 9. f4 Nxg4 10. Bxg4 Nc6 11. Be3 Bf6 12. Bxc8 Rxc8 13. g4 Na5 14. b3 c5 15. g5 Bxd4 16. Bxd4 cxd4 17. Qxd4 Rf5 18. Rad1 Nc6 19. Qf2 Nb4 20. Nxe4 Rxc2 21. Qd4 Qa5 22. Rf2 Rxf2 23. Nxf2 Nxa2 24. Qd3 Rxf4 25. Ra1 d4 26. Qc4+ Rf7 27. Ne4 d3 28. g6 hxg6 29. Qc8+ Kh7 30. Qh3+ Kg8 31. Qc8+ Kh7 1/2-1/2

[Event "RUS-ch sf"]
[Site "Tula"]
[Date "1998.??.??"]
[Round "2"]
[White "Tishin, Petr"]
[Black "Shabanov, Yuri"]
[Result "1/2-1/2"]
[WhiteElo "2285"]
[BlackElo "2495"]
[PlyCount "118"]
[EventDate "1998.??.??"]
[Source "www.chesslib.no"]
[SourceDate "2004.05.04"]

1. e4 e5 2. Nf3 f5 3. d3 Nc6 4. Be2 Nf6 5. O-O d5 6. exd5 Nxd5 7. Nc3 Nxc3 8. bxc3 Be7 9. Nd2 O-O 10. Bf3 Be6 11. Re1 Bd5 12. Rb1 Rb8 13. Rb5 Bxf3 14. Qxf3 a6 15. Rb1 Qd7 16. Nb3 Kh8 17. Bb2 b6 18. Rbd1 a5 19. c4 Bf6 20. Nc1 Rbc8 21. Qd5 Rcd8 22. Qxd7 Rxd7 23. a4 Rfd8 24. f3 Kg8 25. Re2 Kf7 26. Rde1 Nd4 27. Bxd4 exd4 28. g3 Re7 29. Rxe7+ Bxe7 30. Ne2 Bb4 31. Rb1 Kf6 32. f4 Bd2 33. Kf1 Rd6 34. Ng1 c5 35. Nf3 Be3 36. Re1 h6 37. h4 g6 38. Kg2 Re6 39. Rb1 Rd6 40. Ne5 g5 41. hxg5+ hxg5 42. Kf3 g4+ 43. Ke2 Kg7 44. Rh1 Rf6 45. Rh5 Bc1 46. Nd7 Rd6 47. Rg5+ Kh7 48. Ne5 Rf6 49. Kd1 Be3 50. Rh5+ Kg7 51. Ke1 Bc1 52. Ke2 Be3 53. Rh1 Rd6 54. Kf1 Bd2 55. Kg2 Bc3 56. Rh2 Bd2 57. Rh5 Rf6 58. Nd7 Rd6 59. Rg5+ Kh7 1/2-1/2

[Event "Bad Zwesten op 3rd"]
[Site "Bad Zwesten"]
[Date "1999.01.03"]
[Round "3"]
[White "Luther, Thomas"]
[Black "Feicht, Arno"]
[Result "1-0"]
[WhiteElo "2542"]
[BlackElo "2220"]
[PlyCount "39"]
[EventDate "1999.01.??"]
[Source "ChessBase"]
[SourceDate "1999.03.01"]

1. e4 e5 2. Nf3 f5 3. Nxe5 Qf6 4. d4 d6 5. Nc4 fxe4 6. Nc3 Qg6 7. Ne3 Nf6 8. Bc4 Be7 9. Ne2 Bg4 10. O-O Bxe2 11. Qxe2 Nc6 12. c3 Nd8 13. Nd5 Kd7 14. Nxe7 Kxe7 15. f3 Re8 16. fxe4 Qxe4 17. Qf2 Kd7 18. Bg5 Ng4 19. Qg3 Ne5 20. Rf4 1-0

[Event "Jyvaskyla Open"]
[Site "Jyvaskyla FIN"]
[Date "1993.??.??"]
[Round "3"]
[White "Nevanlinna, Risto"]
[Black "Hector, Jonny"]
[Result "1/2-1/2"]
[WhiteElo "2290"]
[BlackElo "2470"]
[PlyCount "165"]
[EventDate "1993.07.??"]
[Source "www.chesslib.no"]
[SourceDate "2004.05.04"]

1. e4 e5 2. Nf3 f5 3. Nxe5 Qf6 4. d4 d6 5. Nc4 fxe4 6. Nc3 Qg6 7. Bf4 Nf6 8. Ne3 Be7 9. Be2 O-O 10. Bg3 c6 11. d5 a6 12. O-O c5 13. a4 Rd8 14. a5 Nbd7 15. Nc4 Nf8 16. Re1 Bf5 17. Qd2 h6 18. Rab1 Rac8 19. b4 cxb4 20. Rxb4 Rc7 21. Reb1 Bc8 22. Qd4 N8h7 23. Ne3 Rc5 24. Ra1 Qf7 25. Nxe4 Nxe4 26. Qxe4 Bg5 27. c4 Bf6 28. Ra3 Qc7 29. Rb1 Nf8 30. Bg4 Bxg4 31. Qxg4 Rxa5 32. Rab3 Ra1 33. Qd1 Rxb1 34. Rxb1 Nd7 35. Qb3 Nc5 36. Qb6 Qd7 37. h3 Be7 38. Kh2 Ra8 39. Nc2 a5 40. Nd4 Ne4 41. Bf4 Nxf2 42. Ne6 Ne4 43. Qd4 Nf6 44. Rb3 Nh5 45. Bxh6 Bf6 46. Qg4 Be5+ 47. Kg1 a4 48. Ra3 Qf7 49. Bc1 Nf6 50. Qd1 Qh5 51. g4 Qh4 52. Bg5 Qh7 53. Bxf6 Bxf6 54. g5 Be5 55. Rxa4 Rc8 56. Ra3 Qe4 57. Rf3 Qxc4 58. Rf1 Qa2 59. Rf2 Qa3 60. Qf3 Qxf3 61. Rxf3 b5 62. Rb3 Rb8 63. Kf1 b4 64. Ke2 Kf7 65. Kd3 Kg6 66. Kc4 Bc3 67. Rb1 Rc8+ 68. Kb3 Kf5 69. Rf1+ Ke4 70. Rf7 Kxd5 71. Nxg7 Rg8 72. Nh5 Rxg5 73. Nf4+ Ke4 74. Ne2 Be1 75. h4 Re5 76. Rf1 Bd2 77. h5 d5 78. Rh1 Kd3 79. Ng3 Re6 80. Rh3 Ra6 81. Nf1+ Ke2 82. Rh2+ Kxf1 83. Rxd2 1/2-1/2

[Event "Regensburg op"]
[Site "?"]
[Date "1997.??.??"]
[Round "4"]
[White "Klovans Janis"]
[Black "Gietl Thomas"]
[Result "1-0"]
[WhiteElo "2445"]
[BlackElo "2305"]
[PlyCount "121"]
[EventDate "1997.??.??"]
[Source "www.chesslib.no"]
[SourceDate "2004.05.04"]

1. e4 e5 2. Nf3 f5 3. exf5 e4 4. Ne5 Nf6 5. d4 d6 6. Nc4 Bxf5 7. Ne3 Bg6 8. c4 Be7 9. Nc3 O-O 10. Be2 c5 11. Ned5 Nc6 12. Nxe7+ Qxe7 13. Be3 Rad8 14. O-O Bf7 15. d5 Ne5 16. Bg5 Bg6 17. Qd2 Rde8 18. Rae1 Qd7 19. b3 Qf5 20. Qf4 a6 21. Qxf5 Bxf5 22. h3 h6 23. Bxf6 Rxf6 24. Bh5 g6 25. Bd1 Nd3 26. Re3 g5 27. f3 Bg6 28. Bc2 Rff8 29. Nxe4 Bxe4 30. Bxd3 Bxd3 31. Rxd3 Re2 32. Rf2 Rfe8 33. Rd2 Re1+ 34. Kh2 b5 35. Kg3 Kg7 36. h4 Kg6 37. hxg5 hxg5 38. cxb5 axb5 39. a4 Rb8 40. Rfe2 Rxe2 41. Rxe2 bxa4 42. bxa4 Kf5 43. Re4 Rb2 44. Kh3 g4+ 45. Rxg4 Ke5 46. Re4+ Kxd5 47. g4 c4 48. g5 c3 49. g6 c2 50. Re1 Rb1 51. g7 Rb8 52. Rc1 Rg8 53. Rxc2 Rxg7 54. a5 Ra7 55. Ra2 Ra6 56. Kg4 Kc4 57. Kf5 Kd4 58. f4 d5 59. Rd2+ Kc4 60. Ke5 Rxa5 61. Rd4+ 1-0

[Event "Balkaniad"]
[Site "Varna BUL"]
[Date "1994.??.??"]
[Round "3"]
[White "Vajda, Albert 1"]
[Black "Dimov, Dian"]
[Result "1-0"]
[WhiteElo "2400"]
[BlackElo "2350"]
[PlyCount "81"]
[EventDate "1994.10.??"]
[Source "www.chesslib.no"]
[SourceDate "2004.05.04"]

1. e4 e5 2. Nf3 f5 3. Nxe5 Qf6 4. d4 d6 5. Nc4 fxe4 6. Ne3 Nc6 7. c3 Qg6 8. Nd5 Bg4 9. Qa4 O-O-O 10. Nf4 Qe8 11. d5 Nb8 12. Bb5 Qe5 13. h3 Bf5 14. Qxa7 g5 15. Ne2 Qxd5 16. c4 Qe5 17. Be3 Bg7 18. Nbc3 h6 19. Rd1 Nf6 20. Nd4 Bg6 21. Nb3 c6 22. Na5 Rd7 23. Na4 cxb5 24. Nb6+ Kd8 25. Qxb8+ Ke7 26. Nxd7 Rxb8 27. Nxe5 dxe5 28. O-O Be8 29. Ba7 Ra8 30. Bc5+ Ke6 31. Nxb7 Rxa2 32. b3 bxc4 33. bxc4 Ra4 34. Nd6 Bf8 35. Nxe4 Nxe4 36. Bxf8 Rxc4 37. Bxh6 Kf5 38. Rfe1 Rd4 39. Rxd4 exd4 40. f3 Nd6 41. Bf8 1-0

[Event "ARG Ch"]
[Site "Buenos Aires ARG"]
[Date "1994.??.??"]
[Round "2"]
[White "Ginzburg, Maximiliano"]
[Black "Burgos, Carlos"]
[Result "1/2-1/2"]
[WhiteElo "2400"]
[BlackElo "2350"]
[PlyCount "80"]
[EventDate "1994.02.??"]
[Source "www.chesslib.no"]
[SourceDate "2004.05.04"]

1. e4 e5 2. Nf3 f5 3. Nxe5 Qf6 4. Nc4 fxe4 5. Nc3 Qg6 6. d3 Bb4 7. Bd2 Bxc3 8. Bxc3 d5 9. Ne3 Ne7 10. dxe4 dxe4 11. Bc4 Nbc6 12. b4 Be6 13. Bxe6 Qxe6 14. Bxg7 Rg8 15. Bc3 Rg5 16. h4 Rg6 17. b5 Ne5 18. Qd4 Ng4 19. Nxg4 Qxg4 20. Qh8+ Rg8 21. Qe5 O-O-O 22. Qxe7 e3 23. Qxe3 Rge8 24. Be5 Qxg2 25. Rf1 Qg4 26. f4 Qxh4+ 27. Ke2 Qh2+ 28. Qf2 Qh5+ 29. Qf3 Qh2+ 30. Qf2 Qh5+ 31. Qf3 Rxe5+ 32. fxe5 Qxe5+ 33. Qe3 Qh5+ 34. Kf2 Rf8+ 35. Kg1 Rg8+ 36. Kf2 Rf8+ 37. Kg1 Rg8+ 38. Kf2 Rf8+ 39. Kg2 Rg8+ 40. Kf2 Rf8+ 1/2-1/2

[Event "Doeberl Cup op"]
[Site "Canberra"]
[Date "1999.04.03"]
[Round "3"]
[White "Gluzman, Mikhail"]
[Black "Chapman, Mark"]
[Result "1-0"]
[WhiteElo "2445"]
[BlackElo "2305"]
[PlyCount "67"]
[EventDate "1999.04.02"]
[Source "ChessBase"]
[SourceDate "1999.05.10"]

1. e4 e5 2. Nf3 f5 3. exf5 d6 4. d4 e4 5. Ng5 Bxf5 6. g4 Bc8 7. Nxe4 d5 8. Ng3 Qh4 9. Qe2+ Ne7 10. f3 Nbc6 11. Be3 h5 12. Nc3 hxg4 13. Bg2 Be6 14. O-O-O O-O-O 15. Rde1 Kb8 16. Qd2 Qf6 17. Bg5 Qg6 18. fxg4 Bxg4 19. h4 a6 20. Rhf1 Qd6 21. Qf4 Qxf4+ 22. Rxf4 Bc8 23. Rf7 Rd7 24. Bh3 Rd6 25. Bxc8 Nxc8 26. Nf5 g6 27. Nxd6 Nxd6 28. Rf6 Nxd4 29. Rxg6 Nf3 30. Rf1 Ne5 31. Re6 Bg7 32. Re7 Rg8 33. Nxd5 Ne4 34. Nf6 1-0

[Event "Corr"]
[Site "?"]
[Date "2000.11.15"]
[Round "?"]
[White "Bartsch Marius"]
[Black "Koetsier David Alexander"]
[Result "1-0"]
[WhiteElo "2309"]
[BlackElo "2440"]
[PlyCount "40"]
[EventDate "2000.??.??"]
[Source "www.chesslib.no"]
[SourceDate "2004.05.04"]

1. e4 e5 2. Nf3 f5 3. Nxe5 Qf6 4. Nc4 fxe4 5. Nc3 Qf7 6. Ne3 c6 7. d3 exd3 8. Bxd3 d5 9. O-O Bd6 10. Re1 Ne7 11. Nexd5 cxd5 12. Nb5 O-O 13. Nxd6 Qxf2+ 14. Kh1 Bg4 15. Qd2 Nbc6 16. Qxf2 Rxf2 17. h3 Bd7 18. Nxb7 Rb8 19. Nc5 Bc8 20. Be3 Rf7 1-0

[Event "Mar del Plata op"]
[Site "Mar del Plata"]
[Date "1998.04.10"]
[Round "7"]
[White "Giaccio, Alfredo Gustavo"]
[Black "Perez Pietronave, Carlos"]
[Result "1-0"]
[WhiteElo "2460"]
[BlackElo "2285"]
[PlyCount "49"]
[EventDate "1998.04.04"]
[Source "ChessBase"]
[SourceDate "1998.04.29"]

1. e4 e5 2. Nf3 f5 3. Nxe5 Nc6 4. d4 Qh4 5. exf5 Nxd4 6. Bd3 Nf6 7. g3 Qh3 8. Bf1 Bb4+ 9. c3 Qxf5 10. Qxd4 d6 11. cxb4 dxe5 12. Qd3 Qh5 13. Bg2 e4 14. Qe3 Bh3 15. O-O Bxg2 16. Kxg2 O-O-O 17. h3 Rd3 18. Qf4 Rf8 19. Be3 Qe2 20. Nd2 Nd7 21. Rae1 Qh5 22. Qg4 Qd5 23. Qxe4 Rxd2 24. Bxd2 Qxd2 25. Qe8+ 1-0

[Event "Heart of Finland Open"]
[Site "?"]
[Date "2002.??.??"]
[Round "2"]
[White "Glek Igor V"]
[Black "Kilpela Panu"]
[Result "1-0"]
[WhiteElo "2601"]
[BlackElo "2139"]
[PlyCount "77"]
[EventDate "2002.??.??"]
[Source "www.chesslib.no"]
[SourceDate "2004.05.04"]

1. e4 e5 2. Nf3 f5 3. d4 fxe4 4. Nxe5 Nf6 5. Be2 d6 6. Nc4 Be7 7. d5 c6 8. Nc3 O-O 9. a4 Bf5 10. Bf4 c5 11. g4 Bg6 12. Bg3 Na6 13. h4 h6 14. Kf1 Nc7 15. Kg2 b6 16. Ne3 a6 17. Rb1 Rb8 18. b4 Nfe8 19. bxc5 bxc5 20. Bc4 Rxb1 21. Qxb1 Bf6 22. Ne2 Bd4 23. Nf4 Bh7 24. Ne6 Nxe6 25. dxe6 Kh8 26. Nd5 Qc8 27. Nb6 Qd8 28. Nd7 Rf3 29. Qb7 Rc3 30. Bd5 Bg8 31. Bxe4 Bxe6 32. Nf8 Qf6 33. Ng6+ Kg8 34. Bf5 Bf7 35. g5 Qd8 36. Re1 Nc7 37. Kh2 Nd5 38. Ne7+ Kf8 39. Nxd5 1-0

[Event "4WCHLG Semifinal (C)"]
[Site "?"]
[Date "2002.02.01"]
[Round "?"]
[White "Johnsrud Jeffory"]
[Black "Benatar Eric"]
[Result "1-0"]
[WhiteElo "2400"]
[BlackElo "2340"]
[PlyCount "131"]
[EventDate "2002.??.??"]
[Source "www.chesslib.no"]
[SourceDate "2004.05.04"]

1. e4 e5 2. Nf3 f5 3. Nxe5 Qf6 4. d4 d6 5. Nc4 fxe4 6. Be2 Qd8 7. O-O Nf6 8. Bg5 Be7 9. Ne3 O-O 10. c4 c6 11. Nc3 Nbd7 12. Nf5 Nb6 13. Nxe7+ Qxe7 14. a4 Bf5 15. Qb3 Rae8 16. a5 Nc8 17. Bh5 Rd8 18. Bd1 h6 19. Bh4 e3 20. fxe3 Qxe3+ 21. Bf2 Qe7 22. Bf3 Qf7 23. Rad1 b5 24. d5 bxc4 25. Qxc4 c5 26. b4 cxb4 27. Nb5 Qg6 28. Qxb4 Ng4 29. Qc3 Rde8 30. Bd4 Ne5 31. Be2 Nd7 32. Qd2 Be4 33. Rxf8+ Nxf8 34. Bf1 Bf3 35. Re1 Rxe1 36. Qxe1 Bxd5 37. Qc3 a6 38. Nc7 Ne7 39. Nxd5 Nxd5 40. Qc4 Qg5 41. Qxa6 Qd2 42. Qa7 Ne6 43. Bf2 Ndc7 44. a6 Kf7 45. Qb7 Qd5 46. Qxd5 Nxd5 47. a7 Ndc7 48. Bc4 Ke7 49. Bd5 Kf6 50. Bb6 Ke5 51. Bb7 d5 52. h4 g6 53. Kf2 Kd6 54. Kf3 Ke5 55. Be3 h5 56. Bb6 Nd4+ 57. Ke3 Nde6 58. Ke2 Ke4 59. Kd1 Ke5 60. Kd2 Ke4 61. Bg1 Nf4 62. Bh2 Kf5 63. Ke3 Nfe6 64. Bd6 Kf6 65. Kd2 d4 66. Be4 1-0

[Event "4WCHLG Semifinal (C)"]
[Site "?"]
[Date "2002.02.01"]
[Round "?"]
[White "Benatar Eric"]
[Black "Johnsrud Jeffory"]
[Result "1-0"]
[WhiteElo "2340"]
[BlackElo "2400"]
[PlyCount "41"]
[EventDate "2002.??.??"]
[Source "www.chesslib.no"]
[SourceDate "2004.05.04"]

1. e4 e5 2. Nf3 f5 3. Bc4 fxe4 4. Nxe5 d5 5. Qh5+ g6 6. Nxg6 hxg6 7. Qxg6+ Kd7 8. Bxd5 Nf6 9. Nc3 Qe7 10. d3 exd3+ 11. Be3 dxc2 12. Qxc2 Qh7 13. Qb3 Nc6 14. Be6+ Kd8 15. O-O-O+ Bd6 16. Bg5 Rf8 17. Rhe1 Qg7 18. h4 Bxe6 19. Qxe6 Ne7 20. Nb5 Rc8 21. Kb1 1-0

[Event "WchT U26 17th"]
[Site "Graz"]
[Date "1972.??.??"]
[Round "9"]
[White "Sigurjonsson, Gudmundur"]
[Black "Gundersen, Helge"]
[Result "1-0"]
[WhiteElo "2480"]
[BlackElo "2260"]
[PlyCount "61"]
[EventDate "1972.07.15"]
[Source "ChessBase"]

1. e4 e5 2. Nf3 f5 3. Nxe5 Qf6 4. d4 d6 5. Nc4 fxe4 6. Nc3 Qg6 7. Bf4 Nf6 8. Qd2 Be7 9. O-O-O O-O 10. Kb1 a6 11. Be2 b5 12. Ne3 c6 13. Bg3 d5 14. h4 Be6 15. h5 Qf7 16. f4 Bd6 17. Bh2 Qc7 18. Rdf1 Nfd7 19. Bg4 Bxg4 20. Nxg4 Nb6 21. f5 Bxh2 22. Rxh2 N8d7 23. Qg5 Qd8 24. f6 Nxf6 25. h6 Nh5 26. Rxf8+ Qxf8 27. Rxh5 Qf1+ 28. Qc1 Rf8 29. Ne3 Qf6 30. hxg7 Qxg7 31. Nf5 1-0

[Event "Candidatil"]
[Site "Bucharest Candidatil"]
[Date "1996.??.??"]
[Round "3"]
[White "Sanduleac, Vasile"]
[Black "Pessi, Emil"]
[Result "1-0"]
[WhiteElo "2385"]
[BlackElo "2355"]
[PlyCount "69"]
[EventDate "1996.??.??"]
[Source "www.chesslib.no"]
[SourceDate "2004.05.04"]

1. e4 e5 2. Nf3 f5 3. Nxe5 Nc6 4. Nxc6 dxc6 5. Bc4 Qh4 6. Qe2 Qxe4 7. Nc3 Qxe2+ 8. Nxe2 Bd7 9. O-O O-O-O 10. d4 Nf6 11. Nf4 Re8 12. Nd3 Bd6 13. c3 Nd5 14. Bd2 h6 15. Rfe1 g5 16. Bb3 Nf6 17. f3 f4 18. Ne5 Bxe5 19. Rxe5 Rxe5 20. dxe5 Nd5 21. Re1 Re8 22. Kf2 Be6 23. h4 Nb6 24. hxg5 hxg5 25. g3 fxg3+ 26. Kxg3 Nd7 27. Bxe6 Rxe6 28. f4 gxf4+ 29. Kxf4 Nf8 30. Kf5 Kd7 31. Bg5 Re8 32. Rd1+ Kc8 33. Bf6 Ne6 34. Kg6 Nd8 35. Rxd8+ 1-0

[Event "Fourmies"]
[Site "Fourmies"]
[Date "1988.??.??"]
[Round "?"]
[White "Prie, Eric"]
[Black "Westerinen, Heikki M J"]
[Result "1-0"]
[WhiteElo "2340"]
[BlackElo "2395"]
[PlyCount "67"]
[EventDate "1988.??.??"]
[Source "www.chesslib.no"]
[SourceDate "2004.05.04"]

1. e4 e5 2. Nf3 f5 3. Nxe5 Qf6 4. d4 d6 5. Nc4 fxe4 6. Nc3 Qg6 7. Ne3 c6 8. d5 Nf6 9. Be2 Nbd7 10. b3 Ne5 11. Ba3 c5 12. Nb5 Qf7 13. Bb2 a6 14. Bxe5 dxe5 15. Nc3 b5 16. O-O Bb7 17. Bg4 Rd8 18. Be6 Qh5 19. Nxe4 Qxd1 20. Nxf6+ gxf6 21. Raxd1 h5 22. h4 Rh7 23. c4 Bd6 24. Nf5 Bb8 25. Rd3 e4 26. Re3 Kf8 27. Rxe4 Re8 28. f4 bxc4 29. bxc4 a5 30. Rf3 Be5 31. fxe5 Rxe6 32. Nd6 Ree7 33. Rxf6+ Kg7 34. Nf5+ 1-0

[Event "Corr"]
[Site "?"]
[Date "1997.??.??"]
[Round "?"]
[White "Strawson Steven"]
[Black "Felber Robert J"]
[Result "1-0"]
[WhiteElo "2459"]
[BlackElo "2276"]
[PlyCount "69"]
[EventDate "1997.??.??"]
[Source "www.chesslib.no"]
[SourceDate "2004.05.04"]

1. e4 e5 2. Nf3 f5 3. Nxe5 Nc6 4. Qh5+ g6 5. Nxg6 Nf6 6. Qh3 hxg6 7. Qxh8 Qe7 8. d3 fxe4 9. dxe4 Nxe4 10. Be2 Nf6 11. Bg5 Kf7 12. Nc3 Bg7 13. Qh4 Nb4 14. Rc1 c6 15. O-O d5 16. Rfe1 Qd6 17. a3 Na6 18. Bf4 Qf8 19. Qg3 Bf5 20. Bxa6 bxa6 21. Be5 Kg8 22. Bd6 Qd8 23. Qf4 Nh5 24. Qb4 Bh6 25. f4 a5 26. Qb7 Rc8 27. Be7 Qb6+ 28. Qxb6 axb6 29. g3 Kf7 30. Bg5 Bg7 31. Re7+ Kf8 32. Nd1 Nf6 33. Rb7 Nd7 34. c3 Re8 35. Nf2 1-0

[Event "Bruchkoebel MT"]
[Site "Bruchkoebel"]
[Date "1993.??.??"]
[Round "9"]
[White "Zude, Arno"]
[Black "Lutz, Klaus-Juergen"]
[Result "1/2-1/2"]
[WhiteElo "2465"]
[BlackElo "2270"]
[PlyCount "72"]
[EventDate "1993.??.??"]
[Source "www.chesslib.no"]
[SourceDate "2004.05.04"]

1. e4 e5 2. Nf3 f5 3. Nxe5 Qf6 4. Nc4 fxe4 5. Nc3 Qg6 6. d3 Bb4 7. dxe4 Qxe4+ 8. Ne3 Bxc3+ 9. bxc3 Nf6 10. Bc4 d6 11. O-O Qh4 12. g3 Qh3 13. Nd5 Kd8 14. Re1 Qg4 15. Qxg4 Bxg4 16. Nxf6 gxf6 17. Bh6 Nc6 18. Bg7 Re8 19. Rxe8+ Kxe8 20. Re1+ Kd7 21. Bxf6 a6 22. Bd5 Bf5 23. Be4 Bg6 24. Bxg6 hxg6 25. f4 Rf8 26. Bg5 b5 27. g4 Rf7 28. Re2 a5 29. Kg2 b4 30. cxb4 axb4 31. Rd2 Rf8 32. h4 Ra8 33. h5 gxh5 34. gxh5 Ke6 35. c3 bxc3 36. Rc2 Nd4 1/2-1/2

[Event "Hessen Ch"]
[Site "Doernigheim"]
[Date "1994.??.??"]
[Round "4"]
[White "Zude, Arno"]
[Black "Lutz, Klaus-Juergen"]
[Result "1-0"]
[WhiteElo "2435"]
[BlackElo "2300"]
[PlyCount "53"]
[EventDate "1994.??.??"]
[Source "www.chesslib.no"]
[SourceDate "2004.05.04"]

1. e4 e5 2. Nf3 f5 3. Nxe5 Qf6 4. Nc4 fxe4 5. Nc3 Qg6 6. d3 Bb4 7. dxe4 Qxe4+ 8. Ne3 Bxc3+ 9. bxc3 Ne7 10. Bc4 d6 11. O-O Be6 12. Qh5+ Kd7 13. Bd3 Qe5 14. Qxe5 dxe5 15. Ba3 Nbc6 16. Rad1 Ke8 17. f4 Rd8 18. Rde1 Kd7 19. fxe5 Ng6 20. Nf5 Rhg8 21. Nd4 Nce7 22. Bb5+ c6 23. Nxe6 Kxe6 24. Be2 Rgf8 25. Bc4+ Kd7 26. Rd1+ Ke8 27. Bf7+ 1-0

[Event "79th ch-GER"]
[Site "Bad Woerishofen GER"]
[Date "2008.02.16"]
[Round "2"]
[White "Huschenbeth, N."]
[Black "Schlenker, Joe"]
[Result "1-0"]
[WhiteElo "2437"]
[BlackElo "2297"]
[PlyCount "69"]
[EventDate "2008.02.15"]
[Source "www.chesslib.no"]
[SourceDate "2004.05.04"]

1. e4 e5 2. Nf3 f5 3. Nxe5 Qf6 4. Nc4 fxe4 5. Nc3 Qf7 6. Ne3 c6 7. d3 exd3 8. Bxd3 d5 9. O-O Bc5 10. Na4 Bd6 11. c4 d4 12. Nc2 c5 13. b4 cxb4 14. Nxd4 Nc6 15. Nb5 Bb8 16. c5 Nf6 17. Re1+ Kf8 18. Nd6 Bxd6 19. cxd6 Ng4 20. f3 Nge5 21. Be4 Bf5 22. Nc5 b6 23. Bd5 Qg6 24. Bf4 bxc5 25. Bxe5 Nxe5 26. Bxa8 Nd3 27. Qe2 Qf7 28. Bd5 Qd7 29. Qe7+ Qxe7 30. dxe7+ Ke8 31. Bc6+ Bd7 32. Bxd7+ Kxd7 33. Rad1 c4 34. Re4 Rc8 35. e8=Q+ 1-0

[Event "World Open"]
[Site "Philadelphia, PA USA"]
[Date "1995.??.??"]
[Round "7"]
[White "Gamboa, Nelson"]
[Black "Karklins, Andrew"]
[Result "1-0"]
[WhiteElo "2390"]
[BlackElo "2340"]
[PlyCount "84"]
[EventDate "1995.06.??"]
[Source "www.chesslib.no"]
[SourceDate "2004.05.04"]

1. e4 e5 2. Nf3 f5 3. Nc3 fxe4 4. Nxe5 Nf6 5. Ng4 Nc6 6. Bc4 h5 7. Nxf6+ gxf6 8. Nxe4 Nd4 9. O-O f5 10. Ng3 d5 11. Re1+ Kf7 12. Bd3 f4 13. Ne2 Bg4 14. c3 Nf3+ 15. gxf3 Bxf3 16. Qa4 Qg5+ 17. Ng3 fxg3 18. Qd7+ Be7 19. Qe6+ Kf8 20. hxg3 Bc5 21. Kf1 Rh6 22. Qe5 Qxe5 23. Rxe5 Rf6 24. Be2 Bd6 25. Re3 Bg4 26. d4 c5 27. Bd2 Rc8 28. Rc1 Kg7 29. Bxg4 hxg4 30. dxc5 Bxc5 31. Re2 Rcf8 32. Bf4 Kg6 33. Rd1 Rf5 34. Red2 Rd8 35. Kg2 Bb6 36. Rd3 a5 37. Be3 Bc7 38. c4 Rdf8 39. Rxd5 Rf3 40. Rg5+ Kf7 41. Rd7+ Kf6 42. Rxg4 Ke5 1-0

[Event "Peer Gynt"]
[Site "Gausdal NOR"]
[Date "1990.??.??"]
[Round "2"]
[White "Fransson, Peter"]
[Black "Hector, Jonny"]
[Result "0-1"]
[WhiteElo "2260"]
[BlackElo "2465"]
[PlyCount "116"]
[EventDate "1990.07.??"]
[Source "www.chesslib.no"]
[SourceDate "2004.05.04"]

1. e4 e5 2. Nf3 f5 3. Nxe5 Qf6 4. d4 d6 5. Nc4 fxe4 6. Be2 Qd8 7. O-O Nf6 8. f3 exf3 9. Bxf3 Be7 10. Nc3 O-O 11. Bg5 Nbd7 12. Nd5 Nxd5 13. Bxd5+ Kh8 14. Bxe7 Qxe7 15. Rxf8+ Qxf8 16. Qf3 Qxf3 17. Bxf3 Nf6 18. Re1 Kg8 19. Ne3 Kf8 20. Nd5 Bd7 21. c3 c6 22. Nxf6 gxf6 23. Kf2 a5 24. Kg3 b5 25. a3 b4 26. axb4 axb4 27. cxb4 Rb8 28. d5 cxd5 29. Bxd5 Rxb4 30. Re2 Rd4 31. Bf3 Bf5 32. Kf2 Kf7 33. Re1 Rb4 34. Re2 Be6 35. h3 f5 36. Rd2 Ke7 37. Kg3 Kd7 38. Re2 d5 39. Rd2 Kd6 40. Re2 Bd7 41. Rd2 Bc6 42. Rc2 h6 43. Re2 Bb5 44. Rd2 Bc4 45. Kf2 Ke5 46. Be2 d4 47. Bxc4 Rxc4 48. b3 Rb4 49. Rb2 Ke4 50. Ke2 d3+ 51. Kd2 Rb7 52. b4 Rg7 53. Kd1 Ke3 54. Ra2 f4 55. Ra6 Rxg2 56. Re6+ Kd4 57. Rxh6 f3 58. Rd6+ Kc3 0-1

[Event "Najdorf Festival op"]
[Site "?"]
[Date "1998.10.28"]
[Round "5"]
[White "Bianchi Guillermo"]
[Black "Perez Pietronave Carlos"]
[Result "1/2-1/2"]
[WhiteElo "2425"]
[BlackElo "2295"]
[PlyCount "73"]
[EventDate "1998.??.??"]
[Source "www.chesslib.no"]
[SourceDate "2004.05.04"]

1. e4 e5 2. Nf3 f5 3. Nxe5 Nc6 4. Nxc6 dxc6 5. Qh5+ g6 6. Qe2 Bg7 7. d3 Ne7 8. Nc3 O-O 9. g3 fxe4 10. dxe4 b5 11. Bg5 Be6 12. Rd1 Qe8 13. Qe3 Nc8 14. Be2 Bh3 15. Rd8 Qe6 16. Rxf8+ Bxf8 17. g4 Bxg4 18. Bxg4 Qxg4 19. Qg3 Qxg3 20. hxg3 Nd6 21. f3 Nc4 22. Nd1 Bd6 23. Kf2 Rf8 24. Kg2 Rf7 25. Bc1 Rd7 26. Nf2 Bc5 27. Ng4 Be7 28. b3 Na3 29. Ne5 Rd6 30. Bxa3 Rd2+ 31. Kh3 Bxa3 32. Rh2 Rxh2+ 33. Kxh2 c5 34. c4 a6 35. f4 Bb4 36. Nd3 bxc4 37. bxc4 1/2-1/2

[Event "4WCHLG Semifinal (A)"]
[Site "?"]
[Date "2002.02.01"]
[Round "?"]
[White "Perez Giorgio"]
[Black "Kotsier David Alexander"]
[Result "1/2-1/2"]
[WhiteElo "2280"]
[BlackElo "2440"]
[PlyCount "46"]
[EventDate "2002.??.??"]
[Source "www.chesslib.no"]
[SourceDate "2004.05.04"]

1. e4 e5 2. Nf3 f5 3. Nxe5 Qf6 4. Nc4 fxe4 5. Nc3 Qf7 6. d4 Nf6 7. Bg5 Bb4 8. Ne3 c6 9. a3 Bxc3+ 10. bxc3 O-O 11. Qd2 d5 12. Be2 Qg6 13. Bxf6 Qxf6 14. O-O Qd6 15. c4 Be6 16. Rab1 b6 17. cxd5 cxd5 18. c4 Nc6 19. cxd5 Bxd5 20. Rfd1 Ne7 21. Bc4 Bxc4 22. Nxc4 Qf6 23. Re1 Nd5 1/2-1/2